00313nam a2200121Ia 4500008004100000100003000041245002900071260003900100300000900139650001900148942000700167999001700174190216s9999||||xx |||||||||||||| ||und|| aRamachandra Dikshitar V R 0aPre Historic South India bCosmo Publications New Delhic1981 a264p aIndian History cBK c19819d19819